<?xml version="1.0" encoding="UTF-8"?>
<record
    xmlns:xsi="http://www.w3.org/2001/XMLSchema-instance"
    xsi:schemaLocation="http://www.loc.gov/MARC21/slim http://www.loc.gov/standards/marcxml/schema/MARC21slim.xsd"
    xmlns="http://www.loc.gov/MARC21/slim">

  <leader>00648nam a22001217a 4500</leader>
  <datafield tag="040" ind1=" " ind2=" ">
    <subfield code="c">RUA</subfield>
  </datafield>
  <datafield tag="100" ind1=" " ind2=" ">
    <subfield code="a">MIN SITHA &#x1798;&#x17B7;&#x1793; &#x179F;&#x17CA;&#x17B8;&#x1790;&#x17B6;</subfield>
  </datafield>
  <datafield tag="245" ind1=" " ind2=" ">
    <subfield code="a">STUDY ON LAND TRANSACTION IN SANGKAT SNOE, KHAN KAMBOL, PHNOM PENH &#x179F;&#x17B7;&#x1780;&#x17D2;&#x179F;&#x17B6;&#x1796;&#x17B8;&#x1780;&#x17B6;&#x179A;&#x1795;&#x17D2;&#x1791;&#x17C1;&#x179A;&#x1794;&#x17D0;&#x178E;&#x17D2;&#x178E;&#x1780;&#x1798;&#x17D2;&#x1798;&#x179F;&#x17B7;&#x1791;&#x17D2;&#x1792;&#x17B7;&#x179B;&#x17BE;&#x17A2;&#x1785;&#x179B;&#x1793;&#x1791;&#x17D2;&#x179A;&#x1796;&#x17D2;&#x1799; &#x1793;&#x17C5;&#x179F;&#x1784;&#x17D2;&#x1780;&#x17B6;&#x178F;&#x17CB;&#x179F;&#x17D2;&#x1793;&#x17C4;&#x179A; &#x1781;&#x178E;&#x17D2;&#x178C;&#x1780;&#x17C6;&#x1794;&#x17BC;&#x179B; &#x179A;&#x17B6;&#x1787;&#x1792;&#x17B6;&#x1793;&#x17B8;&#x1797;&#x17D2;&#x1793;&#x17C6;&#x1796;&#x17C1;&#x1789;</subfield>
  </datafield>
  <datafield tag="260" ind1=" " ind2=" ">
    <subfield code="a">PHNOM PENH</subfield>
    <subfield code="b">RUA</subfield>
    <subfield code="c">2023</subfield>
  </datafield>
  <datafield tag="300" ind1=" " ind2=" ">
    <subfield code="a">XI. 48P</subfield>
    <subfield code="b">VIII.</subfield>
    <subfield code="c">29CM</subfield>
  </datafield>
  <datafield tag="856" ind1=" " ind2=" ">
    <subfield code="u">https://drive.google.com/file/d/1j-tsYulwTVDJaypznuRijoxANGcjM3IF/view?usp=sharing</subfield>
  </datafield>
  <datafield tag="942" ind1=" " ind2=" ">
    <subfield code="c">LMA</subfield>
  </datafield>
  <datafield tag="999" ind1=" " ind2=" ">
    <subfield code="c">23178</subfield>
    <subfield code="d">23178</subfield>
  </datafield>
  <datafield tag="952" ind1=" " ind2=" ">
    <subfield code="0">0</subfield>
    <subfield code="1">0</subfield>
    <subfield code="2">ddc</subfield>
    <subfield code="4">0</subfield>
    <subfield code="6">LMA_MIN_2023_000000000000000_B1498_OR</subfield>
    <subfield code="7">0</subfield>
    <subfield code="9">99423</subfield>
    <subfield code="a">LBB</subfield>
    <subfield code="b">LBB</subfield>
    <subfield code="c">B1.498</subfield>
    <subfield code="d">2024-06-20</subfield>
    <subfield code="l">1</subfield>
    <subfield code="o">LMA MIN 2023 B1-498 Or.</subfield>
    <subfield code="p">a076646</subfield>
    <subfield code="r">2025-02-11</subfield>
    <subfield code="s">2025-01-13</subfield>
    <subfield code="w">2024-06-20</subfield>
    <subfield code="y">LMA</subfield>
  </datafield>
  <datafield tag="952" ind1=" " ind2=" ">
    <subfield code="0">0</subfield>
    <subfield code="1">0</subfield>
    <subfield code="2">ddc</subfield>
    <subfield code="4">0</subfield>
    <subfield code="6">LMA_MIN_2023_000000000000000_B1498_OR</subfield>
    <subfield code="7">0</subfield>
    <subfield code="9">99424</subfield>
    <subfield code="a">LBB</subfield>
    <subfield code="b">LBB</subfield>
    <subfield code="c">B1.498</subfield>
    <subfield code="d">2024-06-20</subfield>
    <subfield code="l">1</subfield>
    <subfield code="o">LMA MIN 2023 B1-498 Or.</subfield>
    <subfield code="p">a077231</subfield>
    <subfield code="r">2025-07-11</subfield>
    <subfield code="s">2025-06-09</subfield>
    <subfield code="w">2024-06-20</subfield>
    <subfield code="y">LMA</subfield>
  </datafield>
  <datafield tag="952" ind1=" " ind2=" ">
    <subfield code="0">0</subfield>
    <subfield code="1">0</subfield>
    <subfield code="2">ddc</subfield>
    <subfield code="4">0</subfield>
    <subfield code="6">LMA_MIN_2023_000000000000000_B1498_OR</subfield>
    <subfield code="7">0</subfield>
    <subfield code="9">99425</subfield>
    <subfield code="a">LBB</subfield>
    <subfield code="b">LBB</subfield>
    <subfield code="c">B1.498</subfield>
    <subfield code="d">2024-06-20</subfield>
    <subfield code="o">LMA MIN 2023 B1-498 Or.</subfield>
    <subfield code="p">a080428</subfield>
    <subfield code="r">2024-06-20</subfield>
    <subfield code="w">2024-06-20</subfield>
    <subfield code="y">LMA</subfield>
  </datafield>
  <datafield tag="952" ind1=" " ind2=" ">
    <subfield code="0">0</subfield>
    <subfield code="1">0</subfield>
    <subfield code="2">ddc</subfield>
    <subfield code="4">0</subfield>
    <subfield code="6">LMA_MIN_2023_000000000000000_B1498_OR</subfield>
    <subfield code="7">0</subfield>
    <subfield code="9">99426</subfield>
    <subfield code="a">LBB</subfield>
    <subfield code="b">LBB</subfield>
    <subfield code="c">B1.498</subfield>
    <subfield code="d">2024-06-20</subfield>
    <subfield code="o">LMA MIN 2023 B1-498 Or.</subfield>
    <subfield code="p">a077210</subfield>
    <subfield code="r">2024-06-20</subfield>
    <subfield code="w">2024-06-20</subfield>
    <subfield code="y">LMA</subfield>
  </datafield>
</record>
